| 000 | 00455nam a22001817a 4500 | ||
|---|---|---|---|
| 999 |
_c525230 _d525230 |
||
| 003 | NUST | ||
| 020 | _a- | ||
| 038 | _aZafar Malik | ||
| 082 |
_a891.421 _bSHA |
||
| 100 |
_aShaheen, Sabra _915975 |
||
| 245 |
_aKhali Book \ _cSabra Shaheen |
||
| 260 |
_aDera Ghazi Khan : _bQamani Art Press ; _c2007. |
||
| 300 | _a173 p. ; | ||
| 500 | _aHardcover | ||
| 880 |
_6100-02\r _aصابرہ شاہین |
||
| 880 |
_6245-02\r _aخالی بک |
||
| 942 |
_2ddc _cBK |
||